| 000 | 00640nam a2200181Ia 4500 | ||
|---|---|---|---|
| 008 | 100920s9999 xx 000 0 und d | ||
| 082 |
_b22720 _a28 व 570580 थ 69 |
||
| 100 | _aकाटकर मा.गो. | ||
| 245 | _aप्राण्यांचे जग. | ||
| 260 |
_bइंद्रायणी साहित्य प्रकाशन पुणे 30. _c1969 |
||
| 300 |
_a44 _bसाधी |
||
| 365 | _b1 | ||
| 520 | _aबा.वि.शाऊ. | ||
| 630 | _aप्राण्यांचे जग. | ||
| 650 | _aबा.वि.शाऊ. | ||
| 730 | _aप्राण्यांचे जग. | ||
| 942 | _cBOOK | ||
| 999 |
_c682025 _d682022 |
||